| 000 | 00819nam a22003130a 4500 | ||
|---|---|---|---|
| 001 | PT32397 | ||
| 003 | AR-LpoUNG | ||
| 005 | 20210131225941.0 | ||
| 008 | 191001s2006||||ag |||||||||||||||||spa d | ||
| 020 |
_a9509009539 _c$11.25 |
||
| 040 |
_aAR-LpoUNG _bspa _cAR-LpoUNG _eaacr |
||
| 041 | _aspa | ||
| 044 | _aag | ||
| 082 | 0 | _a982.068 936his | |
| 100 | 1 | _aNovaro, Marcos | |
| 245 | 1 | 0 |
_aHistoria de la Argentina contemporánea : _bde Perón a Kirchner |
| 250 | _a1ra ed. | ||
| 260 |
_aBuenos Aires : _bEdhasa, _c2006. |
||
| 300 |
_a326 p. : _bgráfs., tbls. |
||
| 650 | 4 | _aANALISIS HISTORICO | |
| 650 | 4 | _aARGENTINA | |
| 650 | 4 | _aCONVERTIBILIDAD | |
| 650 | 4 | _aHISTORIA ECONOMICA | |
| 650 | 4 | _aHISTORIA POLITICA | |
| 650 | 4 | _aPOLITICA ECONOMICA | |
| 651 | 4 | _aArgentina | |
| 905 | _a32397 | ||
| 942 | _cLIB | ||
| 999 |
_c672 _d672 |
||